000 00257 a2200097 4500
001 31357
100 _aMeteorological Office
245 _aHandbook of Aviation Meteorology
260 _aLondon
_bHer Majesty's Stationery Office
_c1960
090 _c21249
_d21249
942 _aNUST-CAE
_cM
_c12502
999 _c266430
_d266430